000 00530nam a22001817a 4500
005 20251108170527.0
008 250721s1999 xx 000 0 ara d
082 1 4 _a792.01/يوس
100 1 _aيوسف، عقيل مهدي
245 1 0 _aجماليات المسرح الجديد /
264 1 _aإربد :
_bدار الكندي للنشر،
_c1999.
300 _a135ص.
650 1 7 _aالمسرح
650 1 7 _aالإنتاج المسرحي
650 1 7 _aالفنون الدرامية
942 _2ddc
_cBK
999 _c42681
_d42681